10 Largest Countries By Area In Order - Statistics

General Stats
  • This quiz has been taken 151 times
  • The average score is 6 of 10
Answer Stats
Hint Extra Hint Answer % Correct
1. 17,098,242 KM2 Russia
99%
2. 9,984,670 KM2 Canada
90%
4. 9,526,468 KM2 USA
66%
5. 8,514,877 KM2 Brazil
59%
6. 7,692,024 KM2 Australia
54%
3. 9,640,821 KM2 China
53%
9. 2,724,900 KM2 Kazakhstan
47%
10. 2,381,741 KM2 Algeria
41%
7. 3,287,590 KM2 India
39%
8. 2,780,400 KM2 Argentina
34%
No matching quizzes found
Score Distribution
Percent of People with Each Score
Percentile by Number Answered
Your Score History
You have not taken this quiz